Identify the (Dead) Language Quiz Stats

Quiz Updated Feb 17, 2015

Also try: Here's Your Sign
Challenge
Share
Tweet
Score 0/9 Timer 04:00
3 Plays Today
% Correct
Latin
86.4%
Ancient Egyptian
76.9%
Ancient Greek
76.1%
Biblical Hebrew
73.3%
Sanskrit
59.9%
Aramaic
53.5%
Old Norse
40.3%
Sumerian
37.9%
Coptic
25.9%

You're not logged in!

Compare scores with friends on all Sporcle quizzes.
Sign Up with Email
OR
Log In

You Might Also Like...

Show Comments

Extras

Top Quizzes Today


Score Distribution

Your Account Isn't Verified!

In order to create a playlist on Sporcle, you need to verify the email address you used during registration. Go to your Sporcle Settings to finish the process.